Hình thái học thực vật

Vị trí của giới thực vật trong thế giới sống. Chất nguyên sinh. Các thành phần ngoài chất nguyên sinh. Mô phân sinh. Mô bì, mô mềm, mô dày, mô cứng...

Wedi'i Gadw mewn:
Manylion Llyfryddiaeth
Prif Awdur: Nguyễn, Bá
Fformat: Llyfr
Iaith:Undetermined
Cyhoeddwyd: Hà Nội Giáo dục 2006
Pynciau:
Tagiau: Ychwanegu Tag
Dim Tagiau, Byddwch y cyntaf i dagio'r cofnod hwn!
Thư viện lưu trữ: Trung tâm Học liệu Trường Đại học Cần Thơ
LEADER 00785nam a2200217Ia 4500
001 CTU_106701
008 210402s9999 xx 000 0 und d
020 |c 46000 
082 |a 581.4 
082 |b B100 
100 |a Nguyễn, Bá 
245 0 |a Hình thái học thực vật 
245 0 |c Nguyễn Bá 
260 |a Hà Nội 
260 |b Giáo dục 
260 |c 2006 
520 |a Vị trí của giới thực vật trong thế giới sống. Chất nguyên sinh. Các thành phần ngoài chất nguyên sinh. Mô phân sinh. Mô bì, mô mềm, mô dày, mô cứng... 
650 |a Botany 
650 |x Morphology 
904 |i Giang, Q. Hiếu (sửa) 
980 |a Trung tâm Học liệu Trường Đại học Cần Thơ